[Event "XERTIGNY  VOSGES"]
[Site "www.echecsemail.com"]
[Date "2026.01.17"]
[Round "1"]
[White "Casisimed"]
[Black "Petitlulu64"]
[WhiteElo "1620"]
[BlackElo "1760"]
[Result "1/2-1/2"]
1.e4 e5
2.Ng1f3 Ng8f6
3.Bf1c4 Bf8d6
4.d3 Bd6c5
5.O-O O-O
6.Bc1g5 d6
7.Nb1c3 Nb8d7
8.Nc3d5 c6
9.Nd5xf6 Nd7xf6
10.c3 h6
11.Bg5xf6 Qd8xf6
12.b4 b5
13.bxc5 bxc4
14.dxc4 dxc5
15.Qd1d3 Bc8g4
16.h3 Bg4xf3
17.Qd3xf3 Qf6xf3
18.gxf3 f5
19.Ra1d1 f4
20.Kh2 a5
21.Rd1d6 Ra8a6
22.Rf1g1 Rf8b8
23.Rd6xh6 Rb8b7
24.Rh6e6 Rb7b2
25.Re6xe5 Rb2xf2
26.Rg1g2 Rf2xg2
27.Kxg2 Ra6b6
28.Re5xc5 Rb6b2
29.Kf1 Rb2xa2
30.Rc5xc6 Ra2c2
31.Rc6c5 Rc2xc3
32.Rc5xa5 Rc3xf3
33.Kg2 Rf3e3
34.e5 Re3e4
35.Ra5c5 Kf7
36.Kf3 Re4e3
37.Kxf4 Re3xh3
38.Rc5c6 Ke7
39.c5 Rh3h4
40.Kf5 Rh4h5
41.Ke4 Kd7
42.Rc6g6 Rh5h4
43.Kd5 Rh4h7
44.e6 Kc7
45.e7 Kd7
46.Rg6e6 Rh7h5
47.Re6e5 Rh5xe5
48.Kxe5 Kxe7
49.c6 Kd8
50.Kd6 g5
51.Ke5 g4
52.Kf4 Kc7
53.Kxg4 Kxc6
1/2-1/2

[Event "Défi( 10J+24H/c 10J Max )"]
[Site "www.echecsemail.com"]
[Date "2026.01.17"]
[Round "1"]
[White "Chronik"]
[Black "Jerem51"]
[WhiteElo "2230"]
[BlackElo "2230"]
[Result "0-1"]
1.e4 e6
2.d4 d5
3.e5 c5
4.c3 Nb8c6
5.Ng1f3 Qd8b6
6.a3 Ng8e7
7.b4 cxd4
8.cxd4 f6
9.Bc1e3 fxe5
10.Nf3xe5 Nc6xe5
11.dxe5 Qb6c7
12.f4 Ne7f5
13.Be3f2 Bf8e7
14.Bf1d3 a5
15.b5 O-O
16.O-O Be7c5
17.Qd1e2 Nf5d4
18.Qe2b2 Rf8xf4
19.Bf2e3 Qc7xe5
{ abandon }0-1

[Event "Tournoi n27379"]
[Site "www.echecsemail.com"]
[Date "2026.01.17"]
[Round "1"]
[White "Nogean"]
[Black "Tiounet"]
[WhiteElo "1660"]
[BlackElo "1650"]
[Result "1-0"]
1.c4 b6
2.Nb1c3 Bc8b7
3.Ng1f3 g6
4.g3 Bf8g7
5.Bf1g2 Ng8f6
6.O-O O-O
7.d4 d6
8.Bc1e3 Nb8d7
9.Qd1d2 Rf8e8
10.b4 Ra8c8
11.a4 c5
12.b5 cxd4
13.Be3xd4 Rc8xc4
14.Qd2d3 d5
15.Nf3d2 Rc4c8
16.Nd2f3 Nd7c5
17.Qd3d1 Nc5e6
18.Ra1c1 Ne6xd4
19.Nf3xd4 Nf6g4
20.Bg2h3 h5
21.e3 e5
22.Nd4f3 Rc8c4
23.Nf3d2 Rc4c5
24.Nd2b3 Rc5c4
25.Nb3d2 Qd8d6
26.Nd2xc4 Qd6b4
27.Nc3a2 Qb4a3
28.Nc4xa3 e4
29.Rc1c7 { abandon }1-0

[Event "Tournoi n27404"]
[Site "www.echecsemail.com"]
[Date "2026.01.17"]
[Round "1"]
[White "Abelito"]
[Black "Tiounet"]
[WhiteElo "1530"]
[BlackElo "1650"]
[Result "1-0"]
1.d4 b5
2.e4 Bc8b7
3.Nb1d2 a6
4.a4 b4
5.Bf1c4 a5
6.Qd1f3 Ng8f6
7.Ng1e2 g6
8.b3 Bf8g7
9.Bc1b2 O-O
10.Ne2f4 e6
11.O-O-O c6
12.e5 Nf6d5
13.Nd2e4 Nd5xf4
14.Qf3xf4 Nb8a6
15.Ne4d6 Qd8c7
16.h4 Na6b8
17.g4 Bb7a6
18.Bc4xa6 Nb8xa6
19.g5 c5
20.h5 Qc7c6
21.h6 Bg7h8
22.Nd6c4 Na6c7
23.Qf4h2 Nc7d5
24.dxc5 Nd5c3
25.Bb2xc3 bxc3
26.Rd1d6 Qc6c7
27.Rh1d1 Qc7xc5
28.Qh2f4 Rf8d8
29.Rd6xd7 Rd8xd7
30.Rd1xd7 Ra8c8
31.Qf4xf7 1-0

[Event "Eq:La Diagonale du Fou-Les enfants de l Atlantide :"]
[Site "www.echecsemail.com"]
[Date "2026.01.17"]
[Round "1"]
[White "Mimimosa"]
[Black "Capitaine"]
[WhiteElo "2250"]
[BlackElo "2370"]
[Result "1-0"]
1.e4 c5
2.Ng1f3 Nb8c6
3.c3 Ng8f6
4.e5 Nf6d5
5.d4 cxd4
6.cxd4 d6
7.Bf1c4 Nd5b6
8.Bc4b5 dxe5
9.Nf3xe5 Bc8d7
10.Nb1c3 e6
11.O-O Bf8e7
12.Qd1g4 O-O
13.Bc1h6 Be7f6
14.Ne5xd7 Qd8xd7
15.Ra1d1 Kh8
16.Nc3e4 Qd7e7
17.Ne4xf6 Qe7xf6
18.Bh6e3 Nc6e7
19.Bb5d3 h6
20.Qg4e4 Ne7g6
21.Qe4xb7 Nb6d5
22.Bd3e4 Ra8b8
23.Qb7xa7 Rb8xb2
24.Qa7a3 Rf8b8
25.Rd1b1 Rb2xb1
26.Rf1xb1 Rb8xb1
27.Be4xb1 Nd5xe3
28.Qa3xe3 Ng6f4
29.Qe3e4 Nf4g6
30.a4 Qf6e7
31.Qe4a8 Kh7
32.a5 Qe7b4
33.Bb1d3 Qb4xd4
34.Bd3f1 Qd4a1
35.a6 Ng6f4
36.Qa8e4 Nf4g6
37.g3 h5
38.h4 Qa1a3
39.Qe4b7 { abandon }1-0

[Event "Tournoi n27352"]
[Site "www.echecsemail.com"]
[Date "2026.01.17"]
[Round "1"]
[White "Turbo"]
[Black "Katastrofic"]
[WhiteElo "1280"]
[BlackElo "1390"]
[Result "0-1"]
1.e4 e5
2.Ng1f3 d6
3.Bf1c4 Bf8e7
4.d4 a6
5.dxe5 dxe5
6.Bc1d2 Nb8c6
7.a3 b5
8.Bc4a2 Ng8f6
9.h3 Nf6xe4
10.O-O O-O
11.Nb1c3 Ne4xc3
12.Bd2xc3 Qd8xd1
13.Ra1xd1 Bc8b7
14.Ba2b1 Rf8d8
15.Rd1xd8 Ra8xd8
16.Bc3b4 Be7xb4
17.axb4 e4
18.Nf3g5 Rd8e8
19.c3 Nc6d8
20.f3 exf3
21.Ng5xf3 Bb7xf3
22.gxf3 Nd8c6
23.Kg2 Re8e3
24.Bb1e4 Nc6e5
25.Be4b7 Ne5c4
26.Rf1f2 a5
27.Bb7a6 axb4
28.Ba6xb5 Nc4b6
29.cxb4 Re3b3
30.Rf2e2 h6
31.Bb5c6 Rb3xb4
32.Re2e8 Kh7
33.Bc6e4 g6
34.Re8e7 Rb4xb2
35.Kg3 Kg7
36.Be4c6 h5
37.Re7xc7 Rb2c2
38.h4 Nb6d5
39.Rc7d7 Nd5b6
40.Bc6e4 Rc2c1
41.Rd7b7 Nb6c8
42.Kf2 Rc1h1
43.Kg3 Rh1g1
44.Kf2 Nc8d6
45.Rb7d7 Rg1d1
46.Be4c2 Nd6e4
47.Ke3 Rd1xd7
48.Bc2xe4 Rd7a7
49.Kf4 Ra7a4
50.Kg5 f6
51.Kf4 f5
{ abandon }0-1

[Event "Défi( 10J+24H/c 10J Max )"]
[Site "www.echecsemail.com"]
[Date "2026.01.17"]
[Round "1"]
[White "Tunnellavage"]
[Black "Ephixe"]
[WhiteElo "1740"]
[BlackElo "1810"]
[Result "0-1"]
1.e4 e5
2.Ng1f3 Nb8c6
3.g3 Bf8c5
4.Bf1g2 d6
5.Nb1c3 Bc8e6
6.d3 f5
7.O-O f4
8.gxf4 exf4
9.Bc1xf4 h6
10.h3 g5
11.Bf4g3 Qd8d7
12.Kh2 O-O-O
13.Nc3a4 Bc5d4
14.c3 Bd4e5
15.c4 Be5xg3
16.fxg3 Be6xh3
17.a3 Ng8f6
18.Nf3g1 Nf6g4
{ abandon }0-1

[Event "Coupe Niveau 2"]
[Site "www.echecsemail.com"]
[Date "2026.01.17"]
[Round "1"]
[White "Katastrofic"]
[Black "Tartu"]
[WhiteElo "1390"]
[BlackElo "1760"]
[Result "0-1"]
1.e4 e6
2.Bf1c4 d5
3.exd5 exd5
4.Bc4b3 Ng8f6
5.d4 h6
6.h3 Nb8c6
7.a3 Bc8e6
8.Ng1f3 Bf8d6
9.O-O O-O
10.Nb1c3 a6
11.Rf1e1 b5
12.Bb3a2 Rf8e8
13.b4 a5
14.Nc3xb5 axb4
15.Nb5xd6 Qd8xd6
16.Nf3e5 Nf6e4
17.Bc1d2 bxa3
18.f3 Ne4g3
19.Bd2f4 Ng3h5
20.Bf4h2 Nc6xe5
21.f4 Ne5c4
22.f5 Nh5f4
23.Ba2xc4 dxc4
24.c3 a2
25.fxe6 Re8xe6
26.Bh2xf4 Qd6xf4
27.Re1xe6 fxe6
28.Qd1c2 Qf4e3
29.Kh1 Qe3d3
30.Qc2c1 Qd3e2
{ abandon }0-1

[Event "Défi"]
[Site "www.echecsemail.com"]
[Date "2026.01.17"]
[Round "1"]
[White "Woluwe1975"]
[Black "Tiounet"]
[WhiteElo "1620"]
[BlackElo "1660"]
[Result "1-0"]
1.f4 b5
2.Ng1f3 Bc8b7
3.d3 g6
4.e4 Bf8g7
5.Nb1d2 e6
6.Bf1e2 Ng8e7
7.O-O O-O
8.c3 d6
9.d4 a6
10.Qd1c2 Nb8d7
11.Kh1 Ra8c8
12.Qc2b1 c5
13.Be2d3 cxd4
14.cxd4 Ne7c6
15.Nd2b3 Nc6b4
16.Bc1e3 Nb4xd3
17.Qb1xd3 Nd7f6
18.Nb3d2 Nf6g4
19.Be3g1 Ng4f6
20.Ra1c1 Qd8b6
21.b4 Qb6a7
22.d5 exd5
23.Bg1xa7 { abandon }1-0

[Event "Coupe Niveau 2"]
[Site "www.echecsemail.com"]
[Date "2026.01.17"]
[Round "1"]
[White "Jlr"]
[Black "Nbelnico"]
[WhiteElo "1390"]
[BlackElo "1720"]
[Result "0-1"]
1.e4 e5
2.Bf1c4 h6
3.Qd1f3 Ng8f6
4.Qf3f5 Nb8c6
5.Ng1f3 d6
6.Bc4e6 Bc8xe6
7.Qf5xe6 fxe6
8.d3 Qd8e7
9.h3 Qe7d7
10.g4 O-O-O
11.Nb1c3 d5
12.g5 hxg5
13.Bc1xg5 Bf8e7
14.exd5 exd5
15.Kd2 d4
16.Nc3b5 a6
17.Nb5a3 Rd8e8
18.Na3c4 Rh8xh3
19.Nf3xe5 Qd7f5
20.Ne5g4 Qf5xg5
21.Ng4e3 dxe3
22.fxe3 Rh3xh1
23.Ra1xh1 Qg5g2
24.Kc3 Qg2xh1
25.a3 Nf6d5
26.Kb3 b5
27.Nc4d2 Nd5xe3
28.Nd2e4 Qh1d1
29.Kc3 Qd1xc2
0-1

[Event "Tournoi n27359"]
[Site "www.echecsemail.com"]
[Date "2026.01.17"]
[Round "1"]
[White "Legrillon"]
[Black "Verson"]
[WhiteElo "1720"]
[BlackElo "1820"]
[Result "0-1"]
1.e4 e6
2.d4 d5
3.exd5 exd5
4.h3 Ng8f6
5.Bc1g5 Bc8e6
6.Ng1f3 Nb8d7
7.Bf1d3 Bf8d6
8.O-O O-O
9.a3 h6
10.Bg5h4 c5
11.dxc5 Nd7xc5
12.b4 Nc5xd3
13.cxd3 Ra8c8
14.d4 Bd6e7
15.Nf3e5 Nf6e4
16.Bh4xe7 Qd8xe7
17.Ra1a2 Rc8c7
18.Ra2c2 Rf8c8
19.Rc2xc7 Qe7xc7
20.Qd1f3 Ne4f6
21.Qf3d3 Nf6d7
22.f4 Nd7xe5
23.fxe5 Qc7c4
24.Qd3d2 Qc4c2
25.Qd2f4 Rc8c4
26.Nb1d2 Qc2b2
27.Nd2xc4 dxc4
28.Qf4f3 Qb2xd4
29.Kh1 Be6d5
30.Qf3f5 Qd4e4
31.Qf5xe4 Bd5xe4
32.Rf1d1 Be4d3
33.g4 Kf8
34.Kg2 Ke7
35.Kf3 b5
36.Ke3 Ke6
37.Kd4 f6
38.exf6 Kxf6
39.Rd1f1 Bd3xf1
40.h4 g5
41.hxg5 Kxg5
42.Kc5 c3
{ abandon }0-1

[Event "Défi"]
[Site "www.echecsemail.com"]
[Date "2026.01.17"]
[Round "1"]
[White "Burgman"]
[Black "Jazz"]
[WhiteElo "2030"]
[BlackElo "1910"]
[Result "1-0"]
1.Ng1f3 d5
2.c4 d4
3.b4 e6
4.a3 b6
5.e3 c5
6.exd4 cxd4
7.Bc1b2 Nb8c6
8.b5 Nc6a5
9.Bb2xd4 Ng8e7
10.Bf1e2 Ne7f5
11.Bd4c3 Qd8c7
12.Bc3xa5 bxa5
13.O-O Bc8d7
14.Nb1c3 Bf8d6
15.Nc3e4 Bd6e7
16.d4 O-O
17.c5 h6
18.c6 Bd7e8
19.Ne4g3 Nf5d6
20.a4 Ra8d8
21.Qd1b3 f6
22.Qb3xe6 Be8f7
23.Qe6g4 Kh7
24.Rf1d1 Bf7e6
25.Qg4xe6 g6
26.Qe6b3 h5
27.Be2d3 f5
28.Nf3e5 Be7g5
29.Ng3e2 Rd8e8
30.f4 Bg5h6
31.g3 Rf8f6
32.Ne5d7 Rf6e6
33.Nd7e5 Kg7
34.Ne2c3 Qc7b6
35.Bd3f1 g5
36.Nc3d5 Qb6d8
37.Bf1g2 gxf4
38.Nd5xf4 Bh6xf4
39.gxf4 Qd8h4
40.Qb3g3 Qh4xg3
41.hxg3 Re6e7
42.Ra1c1 Re8c8
43.Kf2 Re7e8
44.Bg2f3 Re8h8
45.Rd1h1 Rc8c7
46.Rh1xh5 Rh8c8
47.Rc1h1 Nd6e4
48.Bf3xe4 fxe4
49.Rh5h7 Kf6
50.Ne5d7 Ke6
51.Rh1h6 Kd5
52.Ke3 a6
53.Rh7e7 Rc8b8
54.Re7e5 Kc4
55.Nd7xb8 axb5
56.axb5 a4
57.Re5c5 Kb3
58.b6 Rc7g7
59.c7 Rg7xg3
60.Kxe4 a3
61.c8Q a2
62.Rc5a5 Kb2
63.Rh6h2 { abandon }1-0

[Event "Tournoi n27402"]
[Site "www.echecsemail.com"]
[Date "2026.01.17"]
[Round "1"]
[White "Tartu"]
[Black "Tiounet"]
[WhiteElo "1740"]
[BlackElo "1650"]
[Result "1-0"]
1.d4 b5
2.e4 Bc8b7
3.Bf1d3 Ng8f6
4.Nb1d2 a6
5.a4 b4
6.c3 bxc3
7.bxc3 g6
8.Ng1f3 Bf8g7
9.O-O O-O
10.Bc1a3 d6
11.e5 Nf6d5
12.c4 Nd5c3
13.Qd1c2 dxe5
14.Qc2xc3 exd4
15.Qc3b4 Qd8c8
16.Qb4xe7 Nb8c6
17.Qe7h4 Qc8e6
18.Ba3xf8 Ra8xf8
19.Ra1e1 Nc6e7
20.Re1xe6 { abandon }1-0

[Event "Défi"]
[Site "www.echecsemail.com"]
[Date "2026.01.17"]
[Round "1"]
[White "Kaelstrum"]
[Black "Matsonic"]
[WhiteElo "1410"]
[BlackElo "1790"]
[Result "1-0"]
1.e4 c5
2.Ng1f3 d6
3.d4 cxd4
4.Nf3xd4 a6
5.Nb1c3 Ng8f6
6.f3 e5
7.Nd4b3 Bf8e7
8.Bf1e2 Nb8c6
9.O-O O-O
10.Bc1e3 b5
11.a3 Bc8b7
12.Qd1e1 d5
13.exd5 Nf6xd5
14.Nc3xd5 Qd8xd5
15.Ra1d1 Qd5e6
16.Qe1f2 Rf8d8
17.Be3b6 Rd8d7
18.Rd1xd7 Qe6xd7
19.Rf1d1 Qd7e6
20.Bb6c5 Ra8d8
21.Bc5xe7 Qe6xe7
22.Qf2b6 Rd8xd1
23.Be2xd1 f5
24.Nb3c5 Nc6d8
25.Nc5xb7 Nd8xb7
26.Qb6xa6 Qe7d7
27.Bd1e2 Nb7c5
28.Qa6a5 g5
29.Be2xb5 Qd7d1
30.Bb5f1 Qd1xc2
31.Qa5d8 Kf7
32.Qd8xg5 Ke6
33.Qg5g8 Kf6
34.Qg8xh7 Qc2xb2
35.Qh7h6 Ke7
36.Qh6h7 Kf6
37.Qh7h8 Kg6
38.Qh8e8 Kf6
39.Qe8f8 Kg5
40.Qf8xc5 { abandon }1-0

[Event "Défi"]
[Site "www.echecsemail.com"]
[Date "2026.01.17"]
[Round "1"]
[White "Mimi66"]
[Black "Kerenor"]
[WhiteElo "1370"]
[BlackElo "1580"]
[Result "0-1"]
1.e4 e5
2.Qd1f3 Nb8c6
3.Bf1c4 Ng8f6
4.g4 Nc6d4
5.Qf3c3 Nf6xe4
6.Qc3e3 d5
7.c3 Nd4c2
8.Ke2 Nc2xa1
9.d3 Ne4f6
10.b3 dxc4
11.bxc4 Bc8xg4
12.f3 Bg4h5
13.Kd2 Qd8d6
14.Bc1b2 Bf8e7
15.Bb2xa1 Nf6d7
16.d4 exd4
17.cxd4 Qd6b4
18.Nb1c3 O-O-O
19.Ng1e2 h6
20.Rh1b1 Qb4d6
21.Qe3e4 Nd7f6
22.Qe4xb7 Kd7
23.Nc3b5 Qd6c6
24.Qb7xa7 Be7d6
25.d5 Qc6xc4
26.Nb5xd6 Kxd6
27.Ne2d4 Qc4xd5
28.Qa7a6 c6
29.Qa6a3 c5
30.Rb1b6 Ke5
31.Qa3e3 Nf6e4
32.fxe4 Qd5xa2
33.Kd3 Qa2a3
34.Rb6b3 Rd8xd4
35.Kc2 Qa3xa1
36.Qe3g3 Kxe4
37.Qg3h4 Kd5
38.Qh4xh5 g5
39.Qh5xf7 Ke4
40.Qf7e7 Kf4
41.Qe7e3 Kf5
42.Qe3f3 Rd4f4
43.Qf3d5 Kg6
44.Rb3b6 Rf4f6
45.h4 Rf6xb6
46.Qd5e4 Kh5
47.Qe4e2 Kxh4
48.Qe2h2 Kg4
49.Qh2g2 Kf5
50.Kd3 Rb6d6
51.Ke3 Kg6
52.Qg2c2 Kg7
53.Ke4 Qa1d4
54.Kf3 Rh8f8
55.Ke2 Rf8f2
56.Ke1 Rf2xc2
57.Kf1 Qd4d1
0-1

[Event "Coupe Niveau 2"]
[Site "www.echecsemail.com"]
[Date "2026.01.17"]
[Round "1"]
[White "Domenico"]
[Black "Panchoa"]
[WhiteElo "1710"]
[BlackElo "1610"]
[Result "1-0"]
1.e4 e5
2.Bf1c4 Ng8f6
3.d3 Nb8c6
4.Ng1f3 Bf8c5
5.O-O O-O
6.Bc1e3 Bc5xe3
7.fxe3 a6
8.a4 Nc6a5
9.Bc4a2 c6
10.b4 Qd8b6
11.bxa5 Qb6b2
12.Nb1d2 d5
13.exd5 Nf6xd5
14.Ba2xd5 cxd5
15.Nf3g5 Qb2b4
16.Qd1h5 Bc8f5
17.Rf1xf5 h6
18.Ng5xf7 Qb4e7
19.Nf7xe5 Rf8xf5
20.Qh5xf5 Ra8f8
21.Qf5h5 Qe7f6
22.Nd2f3 Kh7
23.Ne5d7 Qf6xa1
24.Kf2 Rf8c8
25.Nf3g5 Kh8
26.Qh5g6 Rc8xc2
27.Kg3 Qa1e1
28.Kh3 Qe1xe3
29.g3 hxg5
30.d4 Rc2c6
31.Qg6f5 Rc6h6
32.Kg4 Qe3e4
33.Qf5xe4 dxe4
34.Nd7e5 Rh6f6
35.h3 e3
36.Ne5d3 Kh7
37.Kxg5 Rf6f8
38.Kg4 Kh6
39.h4 Rf8f1
40.d5 Rf1d1
41.Nd3f4 Rd1d4
42.Kf3 g5
43.hxg5 Kxg5
44.Nf4e6 { abandon }1-0

[Event "Défi"]
[Site "www.echecsemail.com"]
[Date "2026.01.17"]
[Round "1"]
[White "Bouffon"]
[Black "Turbo"]
[WhiteElo "1710"]
[BlackElo "1290"]
[Result "1-0"]
1.e4 e5
2.Ng1f3 Nb8c6
3.c3 h6
4.d4 Ng8f6
5.dxe5 Nf6xe4
6.Bf1d3 Ne4c5
7.O-O f6
8.Bd3g6 Ke7
9.Rf1e1 d6
10.exd6 Kd7
11.Bg6f5 Nc5e6
12.Bf5xe6 Ke8
13.Be6c4 Nc6e5
14.Nf3xe5 Bf8xd6
15.Ne5c6 Kd7
16.Nc6xd8 Kxd8
17.Bc1f4 Bc8d7
18.Bf4xd6 { abandon }1-0

[Event "Défi"]
[Site "www.echecsemail.com"]
[Date "2026.01.17"]
[Round "1"]
[White "Arno"]
[Black "Calcedoine"]
[WhiteElo "1780"]
[BlackElo "1820"]
[Result "0-1"]
1.d4 f6
2.Bc1f4 d5
3.Ng1f3 Bc8f5
4.e3 a6
5.Nb1d2 Nb8d7
6.c4 e6
7.Qd1b3 b6
8.cxd5 e5
9.dxe5 fxe5
10.Nf3xe5 Nd7c5
11.Qb3c4 Ng8f6
12.b4 b5
13.Qc4c1 Nc5e4
14.Qc1c6 Nf6d7
15.Nd2xe4 Bf5xe4
16.Ne5xd7 Bf8xb4
17.Ke2 Bb4d6
18.Nd7f6 Kf7
19.Nf6xe4 Rh8e8
20.Ne4xd6 cxd6
21.Bf4xd6 Ra8c8
22.Qc6b7 Kg8
23.Qb7xa6 Qd8f6
24.Qa6a3 Qf6xa1
{ abandon }0-1

[Event "Tournoi n27383"]
[Site "www.echecsemail.com"]
[Date "2026.01.17"]
[Round "1"]
[White "Domenico"]
[Black "Legrillon"]
[WhiteElo "1720"]
[BlackElo "1740"]
[Result "1-0"]
1.e4 e5
2.Bf1c4 Ng8f6
3.d3 a6
4.a4 a5
5.Ng1f3 d6
6.Nf3g5 Bc8e6
7.Bc4xe6 fxe6
8.Ng5xe6 Qd8e7
9.Ne6xf8 Qe7xf8
10.Nb1c3 c6
11.Bc1g5 Nb8d7
12.Qd1e2 h6
13.Bg5h4 Qf8f7
14.O-O O-O
15.Ra1d1 d5
16.exd5 Nf6xd5
17.Nc3xd5 Qf7xd5
18.c4 Qd5d4
19.Bh4g3 Ra8e8
20.Rf1e1 Rf8f5
21.b3 c5
22.Qe2c2 Nd7f6
23.Re1e2 Nf6h5
24.Re2e4 Qd4d7
25.Qc2c3 Nh5xg3
26.fxg3 b6
27.Rd1e1 Qd7c7
28.g4 Rf5g5
29.h3 h5
30.gxh5 Rg5xh5
31.Re1e3 Qc7d6
32.Qc3a1 Re8e6
33.Qa1d1 Qd6f8
34.Qd1xh5 { abandon }1-0

[Event "Défi"]
[Site "www.echecsemail.com"]
[Date "2026.01.17"]
[Round "1"]
[White "Woluwe1975"]
[Black "Tiounet"]
[WhiteElo "1620"]
[BlackElo "1660"]
[Result "1/2-1/2"]
1.Ng1f3 b5
2.g3 Bc8b7
3.Bf1g2 g6
4.O-O Bf8g7
5.Rf1e1 e6
6.d4 Ng8e7
7.c3 O-O
8.Nb1d2 a6
9.e4 d6
10.h4 Nb8d7
11.a4 c6
12.b4 Ra8c8
13.Bc1b2 c5
14.axb5 axb5
15.Ra1a5 Qd8b6
16.Qd1b3 Nd7f6
17.Re1a1 cxd4
18.cxd4 Nf6xe4
19.Nd2xe4 Ne7c6
20.Ra5a2 Nc6xb4
21.Qb3xb4 Bb7xe4
22.Ra2a6 Qb6b7
23.Ra6xd6 Be4xf3
24.Bg2xf3 Qb7xf3
25.Qb4xb5 Rc8b8
26.Rd6b6 Rb8xb6
27.Qb5xb6 Qf3g4
28.Kg2 Qg4e4
29.Kh2 Rf8c8
30.Qb6b4 Rc8d8
31.Ra1e1 Qe4d3
32.Re1e3 Qd3d1
33.Re3e1 Qd1d3
34.Re1e3 Qd3d1
35.Re3e1 { nul }1/2-1/2

[Event "Défi"]
[Site "www.echecsemail.com"]
[Date "2026.01.17"]
[Round "1"]
[White "Prize640"]
[Black "Burgman"]
[WhiteElo "2210"]
[BlackElo "2000"]
[Result "1-0"]
1.c4 c5
2.Nb1c3 Ng8f6
3.Ng1f3 Nb8c6
4.g3 d6
5.d4 cxd4
6.Nf3xd4 Bc8d7
7.Bf1g2 a6
8.O-O Qd8c7
9.Bc1g5 e6
10.Bg5xf6 gxf6
11.Ra1c1 O-O-O
12.Nc3b5 Qc7b8
13.Nd4xc6 Bd7xc6
14.Bg2xc6 bxc6
15.Nb5d4 Qb8c7
16.Qd1a4 Kb7
17.Rc1c3 Rd8c8
18.Rc3b3 Ka7
19.Rf1c1 Rh8g8
20.Rc1c3 Rg8g5
21.Rb3a3 a5
22.Nd4b3 Rc8a8
23.c5 dxc5
24.Nb3xa5 c4
25.Na5xc4 Kb7
26.Qa4xa8 1-0

[Event "YQUELON"]
[Site "www.echecsemail.com"]
[Date "2026.01.17"]
[Round "1"]
[White "Legrillon"]
[Black "Intrigue"]
[WhiteElo "1720"]
[BlackElo "1680"]
[Result "0-1"]
1.e4 e5
2.Ng1f3 Ng8f6
3.d4 exd4
4.Qd1xd4 d6
5.e5 Nf6g8
6.Bf1c4 Nb8c6
7.Qd4e4 Qd8e7
8.h3 Ng8f6
9.Qe4e3 dxe5
10.O-O e4
11.Nf3d2 Bc8f5
12.Nb1c3 O-O-O
13.a3 Kb8
14.b4 h5
15.Bc4b5 Nc6d4
16.Ra1a2 a6
17.Bb5c4 g6
18.f3 exf3
19.Qe3xe7 Bf8xe7
20.Bc4xf7 fxg2
21.Kxg2 Rd8f8
22.Bf7c4 Be7d6
23.Nd2f3 Nd4xc2
24.Nc3e2 Rf8e8
25.Rf1f2 Nf6e4
26.Bc1e3 Nc2xe3
27.Kg1 Ne4xf2
28.Kxf2 Bf5xh3
29.Bc4d3 Ne3g4
30.Ke1 Bd6g3
31.Kd1 Ng4f2
32.Kc1 Nf2xd3
33.Kd2 Re8xe2
{ abandon }0-1

[Event "Eq:Avalon-LES CHATTERBOX :"]
[Site "www.echecsemail.com"]
[Date "2026.01.17"]
[Round "1"]
[White "Janolapin"]
[Black "Mick13"]
[WhiteElo "1680"]
[BlackElo "1770"]
[Result "0-1"]
1.e4 c5
2.Ng1f3 Nb8c6
3.Bf1b5 a6
4.Bb5e2 e5
5.b3 Ng8f6
6.d3 h6
7.Bc1b2 Bf8d6
8.O-O Bd6c7
9.c3 d6
10.Nb1a3 b5
11.Na3c2 O-O
12.Ra1c1 Bc8e6
13.d4 cxd4
14.cxd4 exd4
15.Nc2xd4 Nc6xd4
16.Nf3xd4 Nf6xe4
17.Nd4xe6 fxe6
18.Be2f3 Rf8xf3
19.Qd1xf3 d5
20.Qf3g4 Qd8e7
21.Rf1e1 Bc7b6
22.Re1xe4 dxe4
23.Qg4xe4 Ra8f8
24.Bb2d4 Bb6xd4
25.Qe4xd4 Rf8d8
26.Qd4e3 Qe7d6
27.Rc1e1 Kh8
28.Kf1 Rd8e8
29.g3 Qd6c6
30.Qe3e4 Qc6b6
31.Qe4e5 Re8f8
32.Re1e2 Rf8f6
33.Qe5e3 Qb6d6
34.Re2d2 Qd6f8
35.f4 g5
36.Rd2f2 g4
37.Rf2e2 Kg7
38.Qe3e5 Qf8f7
39.Qe5d6 Qf7b7
40.Kg1 Qb7f3
41.Qd6e5 Kf7
42.Qe5c7 Kg6
43.Qc7c2 Kg7
44.Qc2b2 Kf7
45.Qb2c2 Kg7
46.Qc2b2 Qf3d5
47.Qb2d2 Qd5c6
48.Qd2e1 Kf7
49.Qe1f2 Kg6
50.Qf2e1 Qc6d6
51.Qe1d2 Qd6c7
52.Qd2d3 Kg7
53.Re2d2 Rf6f7
54.Qd3e3 Rf7f6
55.Qe3e1 h5
56.Rd2e2 Qc7b6
57.Qe1f2 Qb6b7
58.Qf2e1 Kf7
59.Qe1b1 Rf6f5
60.Qb1e4 Qb7e7
61.Kf2 Qe7f6
62.Qe4e5 Rf5xe5
{ abandon }0-1

[Event "Tournoi n27370"]
[Site "www.echecsemail.com"]
[Date "2026.01.17"]
[Round "1"]
[White "Jyfsk"]
[Black "Blackrider"]
[WhiteElo "1780"]
[BlackElo "1730"]
[Result "1/2-1/2"]
1.e4 e6
2.d4 d6
3.Ng1f3 g6
4.Bf1c4 Bf8g7
5.O-O Ng8e7
6.Bc1e3 h6
7.c3 a6
8.Nb1d2 O-O
9.Qd1c2 Kh7
10.a3 Nb8d7
11.b4 b5
12.Bc4d3 Nd7b6
13.Ra1d1 f5
14.exf5 exf5
15.Rf1e1 Ne7d5
16.Nd2b3 Bc8b7
17.Nb3a5 Ra8b8
18.Na5xb7 Rb8xb7
19.g3 c6
20.Nf3h4 Rb7f7
21.f4 Nb6c4
22.Bd3xc4 bxc4
23.Kf2 Rf8e8
24.Nh4g2 Rf7e7
25.Rd1c1 Re7e4
26.Qc2a4 Qd8c8
27.Qa4c2 h5
28.Qc2d2 Bg7h6
29.h4 Nd5f6
30.Kf3 d5
31.a4 Nf6g4
32.Rc1b1 Re8e6
33.Re1e2 Ng4h2
34.Kf2 Nh2g4
35.Kg1 Qc8e8
36.Rb1e1 Kg7
37.a5 Kf7
38.Qd2c1 Kf6
{ nul }1/2-1/2

[Event "Défi( 10J+24H/c 10J Max )"]
[Site "www.echecsemail.com"]
[Date "2026.01.17"]
[Round "1"]
[White "Ephixe"]
[Black "Tunnellavage"]
[WhiteElo "1810"]
[BlackElo "1730"]
[Result "1-0"]
1.d4 Ng8f6
2.Bc1f4 d5
3.e3 Bc8f5
4.Nb1c3 e6
5.Ng1f3 a6
6.Nf3h4 Nb8c6
7.Nh4xf5 exf5
8.h3 Bf8b4
9.Qd1d3 g6
10.a3 Bb4a5
11.O-O-O Ba5b6
12.Bf1e2 Qd8e7
13.Bf4g5 O-O-O
14.Be2f3 h6
15.Bg5xf6 Qe7xf6
16.Nc3xd5 Qf6d6
17.Nd5xb6 cxb6
18.Qd3b3 Nc6a5
19.Qb3xf7 { abandon }1-0

[Event "Défi"]
[Site "www.echecsemail.com"]
[Date "2026.01.17"]
[Round "1"]
[White "Elghribi"]
[Black "Lancov"]
[WhiteElo "1930"]
[BlackElo "1940"]
[Result "0-1"]
1.e4 d6
2.d4 Ng8f6
3.Nb1d2 g6
4.Ng1f3 Bf8g7
5.Bf1d3 c6
6.O-O Bc8g4
7.h3 Bg4xf3
8.Nd2xf3 O-O
9.c3 Nb8d7
10.Bc1e3 a6
11.Qd1d2 b5
12.Ra1c1 c5
13.Nf3h2 c4
14.Bd3c2 Qd8c7
15.Be3h6 Ra8d8
16.Bh6xg7 Kxg7
17.f4 e5
18.fxe5 dxe5
19.d5 Nd7c5
20.Rc1e1 Qc7b6
21.Qd2f2 Nf6d7
22.Kh1 f6
23.Qf2h4 Rf8f7
24.Rf1f3 Rd8f8
25.Re1f1 Nc5b7
26.Nh2g4 Qb6d8
27.Qh4h6 Kh8
28.Ng4e3 Qd8e7
29.h4 Rf8g8
30.Ne3g4 Nb7d6
31.g3 Nd6e8
32.Qh6e3 Rg8f8
33.Qe3a7 Qe7d6
34.Ng4h6 Rf7g7
35.Kg2 Nd7c5
36.Qa7a8 Rg7c7
37.Rf3xf6 Ne8xf6
{ abandon }0-1

[Event "Eq:modesty-Pirates du Mat :"]
[Site "www.echecsemail.com"]
[Date "2026.01.17"]
[Round "1"]
[White "Fresiers"]
[Black "Sp52"]
[WhiteElo "2210"]
[BlackElo "2420"]
[Result "0-1"]
1.d4 d5
2.c4 e6
3.Nb1c3 c6
4.e3 Ng8f6
5.Bf1d3 Bf8d6
6.e4 dxe4
7.Bd3xe4 Nb8d7
8.Ng1f3 O-O
9.O-O Nf6xe4
10.Nc3xe4 Bd6c7
11.b4 h6
12.Bc1e3 Nd7f6
13.Qd1c2 Qd8e7
14.a3 b6
15.c5 Nf6d5
16.Ra1e1 Bc8a6
17.Ne4c3 Ba6xf1
18.Kxf1 bxc5
19.dxc5 Ra8d8
20.Be3d4 f6
21.Nc3e4 e5
22.Bd4b2 Nd5f4
23.Ne4g3 Qe7d7
24.Kg1 Qd7d3
25.Qc2a4 Nf4h3
26.Kh1 Nh3xf2
27.Kg1 Nf2h3
28.Kh1 e4
29.Nf3d4 Rd8xd4
30.Bb2xd4 Qd3xd4
31.gxh3 Bc7xg3
32.hxg3 Qd4d3
33.Qa4xa7 Qd3f3
34.Kg1 Qf3xg3
35.Kf1 Qg3xh3
36.Kg1 Qh3g3
37.Kf1 Qg3f3
38.Kg1 e3
39.Re1xe3 Qf3xe3
40.Kg2 Rf8d8
41.Qa7c7 Rd8d2
42.Kh1 Qe3e1
0-1

[Event "Eq:Avalon-LES CHATTERBOX :"]
[Site "www.echecsemail.com"]
[Date "2026.01.17"]
[Round "1"]
[White "Uji40"]
[Black "Neddy"]
[WhiteElo "1640"]
[BlackElo "1410"]
[Result "1-0"]
1.e4 e5
2.Ng1f3 Nb8c6
3.Bf1b5 Bf8d6
4.d4 exd4
5.Bb5xc6 dxc6
6.Qd1xd4 f6
7.O-O b6
8.Bc1g5 c5
9.Qd4d5 h6
10.e5 Ng8e7
11.Qd5xa8 Bd6xe5
12.c3 hxg5
13.Qa8xa7 Ne7c6
14.Qa7a4 Bc8d7
15.Qa4e4 O-O
16.Rf1d1 Rf8e8
17.Qe4g6 Nc6e7
18.Qg6d3 Be5d4
19.cxd4 Bd7a4
20.b3 Ba4c6
21.dxc5 Qd8b8
22.Nb1c3 bxc5
23.Ra1b1 g6
24.Nc3e4 g4
25.Ne4xf6 Kg7
26.Nf6xe8 Qb8xe8
27.Qd3d8 Qe8f7
28.Nf3e5 Qf7f6
29.Ne5xg4 Qf6g5
30.h3 Kf7
31.Rd1e1 Ne7f5
32.Qd8xc7 Nf5e7
33.Ng4h6 Kf6
34.Qc7xe7 1-0

[Event "Transval"]
[Site "www.echecsemail.com"]
[Date "2026.01.17"]
[Round "1"]
[White "Patau"]
[Black "Karting"]
[WhiteElo "1700"]
[BlackElo "1590"]
[Result "0-1"]
1.e4 e5
2.Ng1f3 Nb8c6
3.c3 d6
4.d4 Bc8g4
5.Bf1e2 Ng8f6
6.dxe5 dxe5
7.O-O Qd8xd1
8.Rf1xd1 Bf8d6
9.Nb1d2 O-O
10.h3 Bg4xf3
11.Nd2xf3 Nf6xe4
12.Bc1e3 f5
13.Be2c4 Kh8
14.Bc4d5 Ne4f6
15.b4 Nf6xd5
16.Rd1xd5 Nc6e7
17.Nf3xe5 Ne7xd5
18.Ne5d7 Rf8f7
19.Nd7c5 Bd6xc5
20.bxc5 Nd5xe3
{ abandon }0-1

[Event "Défi( 10J+24H/c 10J Max )"]
[Site "www.echecsemail.com"]
[Date "2026.01.17"]
[Round "1"]
[White "Tunnellavage"]
[Black "Chevalice"]
[WhiteElo "1790"]
[BlackElo "1690"]
[Result "1-0"]
1.e4 e5
2.Ng1f3 d6
3.h3 Ng8f6
4.Nb1c3 Bf8e7
5.Bf1e2 Nb8c6
6.d3 O-O
7.a3 Nc6d4
8.Bc1e3 c5
9.O-O h6
10.Qd1d2 Bc8e6
11.Be2d1 Kh7
12.Be3xd4 exd4
13.Nc3e2 Nf6h5
14.g4 Be7g5
15.Qd2e1 Nh5f4
16.Kh2 b5
17.Ne2g3 Bg5h4
18.Ng3f5 g5
19.Nf3xh4 gxh4
20.f3 Rf8e8
21.Nf5xh4 Qd8d7
22.Qe1g3 Nf4g6
23.Nh4f5 a5
24.Rf1g1 Re8g8
25.Nf5xd6 f6
26.Nd6f5 c4
27.Qg3f2 Be6xf5
28.gxf5 Ng6e5
29.Bd1e2 Qd7a7
30.Qf2h4 Qa7f7
31.f4 Ne5d7
32.Be2h5 Qf7e7
33.Bh5g6 Kg7
34.Qh4h5 Kf8
35.Qh5xh6 Qe7g7
36.Qh6h4 Rg8h8
37.Qh4f2 Qg7h6
38.Rg1g3 Ke7
39.Ra1f1 Ra8d8
40.Qf2xd4 Nd7f8
41.Qd4c5 Rd8d6
42.e5 fxe5
43.fxe5 Qh6d2
44.Rg3g2 Rh8xh3
45.Kxh3 Qd2h6
46.Kg3 Qh6g5
47.Kf3 { abandon }1-0